Normal view
MARC view
- Ray V Herren
Entry Personal Name
001 - CONTROL NUMBER
- control field: 97
003 - CONTROL NUMBER IDENTIFIER
- control field: OSt
005 - DATE AND TIME OF LATEST TRANSACTION
- control field: 20140916170355.0
008 - FIXED-LENGTH DATA ELEMENTS
- fixed length control field: 140916|| aca||aabn | a|a d
040 ## - CATALOGING SOURCE
- Original cataloging agency: OSt
- Transcribing agency: OSt
100 ## - HEADING--PERSONAL NAME
- Personal name: Ray V Herren
670 ## - SOURCE DATA FOUND
- Source citation: Work cat.: (OSt): Ray V Herren, Agricultural Mechanics:Fundamentals and Applications, 2010
